ARRUPE JESUIT UNIVERSITY

CORONAVIRUS -STOP THE SPREAD - CLEAN,DISINFECT,COVER

The Bhagavadgita and ST. John of the Cross (Record no. 17269)

MARC details
000 -LEADER
fixed length control field 00617nam a2200217Ia 4500
003 - CONTROL NUMBER IDENTIFIER
control field 0100
008 - FIXED-LENGTH DATA ELEMENTS--GENERAL INFORMATION
fixed length control field 130303s9999 xx 000 0 und d
040 ## - CATALOGING SOURCE
Transcribing agency ARRUPELIB
050 ## - LIBRARY OF CONGRESS CALL NUMBER
Classification number BR128.D851997
100 ## - MAIN ENTRY--PERSONAL NAME
Personal name D'Souza, Rudolf V
245 #4 - TITLE STATEMENT
Title The Bhagavadgita and ST. John of the Cross
245 ## - TITLE STATEMENT
Remainder of title A Comparative study of the Dynamism of Spiritual Growth in the Process of God-Re
260 ## - PUBLICATION, DISTRIBUTION, ETC. (IMPRINT)
Place of publication, distribution, etc Anand, Gujarat
260 ## - PUBLICATION, DISTRIBUTION, ETC. (IMPRINT)
Name of publisher, distributor, etc Gujarat Sahitya Prakash
260 ## - PUBLICATION, DISTRIBUTION, ETC. (IMPRINT)
-- 1997
300 ## - PHYSICAL DESCRIPTION
Extent 460p
650 ## - SUBJECT ADDED ENTRY--TOPICAL TERM
Topical term following geographic name as entry element Chilembwe, John
650 ## - SUBJECT ADDED ENTRY--TOPICAL TERM
Location of event Booth, Joseph
650 ## - SUBJECT ADDED ENTRY--TOPICAL TERM
Active dates Malawi--History--Chilembwe rebellion
942 00 - ADDED ENTRY ELEMENTS (KOHA)
Koha issues (borrowed), all copies 1
Holdings
Withdrawn status Lost status Source of classification or shelving scheme Damaged status Not for loan Collection code Home library Current library Shelving location Date acquired Total Checkouts Full call number Barcode Date last seen Date checked out Copy number Price effective from Koha item type
    Library of Congress Classification     Main Collection ARRUPE LIBRARY ARRUPE LIBRARY   04/03/2013 1 BR128.D851997 46003017068 15/11/2016 11/11/2013 1 04/03/2013 Monograph ( Printed materials)

 

Arrupe Library. PO Box MP320 Mt Pleasant, Harare, Zimbabwe
263 242 745411|librarian@aju.ac.zw